000 00615nam a2200193Ia 4500
005 20250326140534.0
008 250326s9999 xx 000 0 und d
020 _a0-471-83756-3
037 _aTextbook
040 _aFMSL
_beng
_cFMSL
041 _aeng
_2eng
084 _aX:74.4 P0
_qFMSL
100 _aDayao Dinna Louise C Ed.
_9742519
245 0 _aAsian business wisdom: lessson from the region's best and brightest business leaders
_cDayao Dinna Louise C Ed.
260 _aSingapore
_bSingapore, John Wiley
_c2000
300 _axii,261
942 _cTB
_hX:74.4 P0
999 _c1286224
_d1286224